City lights : Essays on financial institutions and markets in the City of London

Wedi'i Gadw mewn:
Manylion Llyfryddiaeth
Fformat: Llyfr
Iaith:Undetermined
Cyhoeddwyd: London The Institute of Economic Affairs 1979
Pynciau:
Tagiau: Ychwanegu Tag
Dim Tagiau, Byddwch y cyntaf i dagio'r cofnod hwn!
Thư viện lưu trữ: Trung tâm Học liệu Trường Đại học Cần Thơ
LEADER 00560nam a2200193Ia 4500
001 CTU_99550
008 210402s9999 xx 000 0 und d
082 |a 332.1 
082 |b C581 
245 0 |a City lights : 
245 0 |b Essays on financial institutions and markets in the City of London 
245 0 |c E. Victor Morgan ... [et al.] 
260 |a London 
260 |b The Institute of Economic Affairs 
260 |c 1979 
650 |a Finance 
650 |z Great britain 
904 |i Tuyến 
980 |a Trung tâm Học liệu Trường Đại học Cần Thơ